Chris Hemsworth - Roles by Picture - Statistics

General Stats
  • This quiz has been taken 16 times
  • The average score is 4 of 24
Answer Stats
Picture Answer % Correct
Thor
93%
Eric the Huntsman
40%
George Kirk
40%
James Hunt
27%
Tyler Rake
27%
Billy Lee
20%
Curt Vaughan
20%
Kevin Beckman
20%
Henry / Agent H
13%
King Arthur
13%
Owen Chase
13%
Steve Abnesti
13%
Capt. Mitch Nelson
7%
Chad
7%
Craig
7%
George Whiteside
7%
Jamie Kane
7%
Jed Eckert
7%
Kale Garrity
7%
Kim Hyde
7%
Nick Hathaway
7%
Sam Phelan
7%
Stone Crandall
7%
TV Salesman
7%
No matching quizzes found
Score Distribution
Percent of People with Each Score
Percentile by Number Answered
Your Score History
You have not taken this quiz